Principios básicos para la enseñanza de la biología /

Guardado en:
Autor Principal: Pessoa, Oswaldo Frota
Formato: Libro
Publicado: Washington : O.e.a., 1967
Materias:
Etiquetas: Agregar Etiqueta
Sin Etiquetas, Sea el primero en etiquetar este registro!
LEADER 00637nam a22001935a 4500
001 CEM.cems005015
005 20060217000000.0
008 130507s1967##################000#0#####d
003 CEMS
082 0 4 |a 570.7 
100 1 |a Pessoa, Oswaldo Frota 
245 1 0 |a Principios básicos para la enseñanza de la biología / 
260 |a Washington :  |b O.e.a.,  |c 1967 
300 |a 128 p. 
653 |a Biología 
653 |a Biología-enseñanza 
859 |a CEMS  |b BIB. CEMS - 11 de abril  |h 570.7  |i P439  |p 9898.81  |t Ej.1 
859 |a CEMS  |b BIB. CEMS - 11 de abril  |h 570.7  |i P439  |p 9899.81  |t Ej.2 
859 |a CEMS  |b BIB. CEMS - 11 de abril  |h 570.7  |i P439  |p 9900.81  |t Ej.3